000
00311nam a22001457a 4500
008
221130b ||||| |||| 00| 0 eng d
020
_a
9780805359473
041
_a
eng
080
_a
611
082
_a
611MAR
100
_a
10
101
_a
ANAT
245
_a
ANATOMY & PHYSIOLOGY
_c
MARTINI
942
_2
udc
_c
BK
999
_c
59041
_d
59041